00430nam a2200193Ia 4500008004000000041000800040082001100048100001600059245005800075260002000133650000800153650001000161650000700171650001400178650000700192650001200199650001100211650001400222210210b1835 xxu||||| |||| 00| 0 eng d aeng a940/48 aCOOKE (J H) aNarrative of events in the south of France, 1814-1815 aLondonb-c1835 athe asouth aof aNarrative ain aFrance, aevents a1814-1815